Landen het dichtst bij Nederland - 30 seconden sprint - Statistieken

Algemene statistieken
  • Deze quiz is 85 keer genomen
  • De gemiddelde score is 8 van 20
Antwoordstatistieken
km land % Correct
0 België
98%
0 Duitsland
98%
0 Frankrijk
92%
64 Luxemburg
76%
200 Denemarken
70%
133 Verenigd Koninkrijk
63%
445 Oostenrijk
49%
371 Zwitserland
38%
463 Polen
37%
494 Noorwegen
33%
434 Zweden
32%
411 Tsjechië
25%
465 Liechtenstein
17%
27 Venezuela
13%
125 Colombia
10%
13 St Kitts en Nevis
5%
431 St Lucia
5%
493 St Vincent en de Grenadines
3%
119 Antigua en Barbuda
2%
259 Dominica
0%
Geen overeenkomende quizzen gevonden
Scoreverdeling
Procent van Mensen met Elke Score
Percentiel versus Aantal Correcte Antwoorden
Uw Scoregeschiedenis
U heeft deze quiz nog niet genomen